| 000 | 00704nam a22002177a 4500 | ||
|---|---|---|---|
| 005 | 20210325182719.0 | ||
| 008 | s2002 eng d | ||
| 020 | _a0340763949 | ||
| 041 | _aeng | ||
| 050 | _aDD67 G47 2002 | ||
| 245 | 1 | 0 | _aGerman culture and society : the essential glossary |
| 260 | 3 |
_aNew York : _bOxford University Press, _c2002 |
|
| 300 |
_a169 p. ; _b 24 cm. |
||
| 650 | 0 | 4 | _aGermany -- Civilization -- 20th century |
| 650 | 0 | 4 | _aGermany -- Civilization -- 20th century -- Dictionaries |
| 650 | 0 | 4 | _aGermany -- Social life and customs -- 20th century -- Dictionaries |
| 850 | _aNALT | ||
| 942 | _cGB | ||
| 997 | _c000000000015243 | ||
| 998 | _aAREERAT VICHACHANG | ||
| 999 |
_c15243 _d15243 |
||